|
|
|
|
| LEADER |
00000cam a2200000 7i4500 |
| 001 |
0000028014 |
| 005 |
20160412093000.0 |
| 008 |
021119s1986 |
| 090 |
0 |
0 |
|a R128.3
|b .B33 1986
|
| 100 |
1 |
|
|a بغدادي, عبد اللطيف ,
|e author
|
| 245 |
1 |
2 |
|a الطب في الكتاب والسنة
|c عبد اللطيف البغدادي ؛ حققه وخرج احاديث وعلق عبد المعطى امين قلعجي
|
| 260 |
2 |
|
|a Bayrut :
|b Dar al-Ma`rifah ,
|c 1986
|
| 300 |
|
|
|a 358 p. ;
|c 25 cm.
|
| 504 |
|
|
|a Includes bibliographical references (p. 301-314) and index
|
| 650 |
|
0 |
|a Medicine in the Quran
|
| 650 |
|
0 |
|a Medicine, Arab
|
| 650 |
|
0 |
|a Medicine
|x Religious aspects
|x Islam
|
| 700 |
1 |
|
|a قلعجي، عبد المعطي ,
|e author
|
| 740 |
0 |
2 |
|a Tibb min al-Kitab wa al-sunnah
|
| 999 |
|
|
|a 1000054435
|b Book
|c OPEN SHELF (30 DAYS)
|e Gong Badak Campus
|
| 999 |
|
|
|a 1000054436
|b Book
|c OPEN SHELF (30 DAYS)
|e Gong Badak Campus
|